[Event "FIN-ch (Women)"]
[Site "Helsinki"]
[Date "2024.03.28"]
[Round "5"]
[White "Bhaumik, Mehr"]
[Black "Puuska, Heini"]
[Result "0-1"]
[WhiteElo "1551"]
[BlackElo "1963"]
[PlyCount "136"]
[EventDate "2024.03.28"]
[EventType "tourn"]
[EventRounds "7"]
[EventCountry "FIN"]
[SourceTitle "CB15_2024"]
[SourceDate "2024.04.10"]
[SourceVersion "1"]
[SourceVersionDate "2024.04.10"]
[SourceQuality "1"]

1. e4 c5 2. c3 Nf6 3. e5 Nd5 4. d4 cxd4 5. cxd4 e6 6. Nf3 Nc6 7. Bc4 d6 8. Qe2 dxe5 9. dxe5 Bb4+ 10. Bd2 Bxd2+ 11. Nbxd2 a6 12. a4 Na5 13. Bxd5 exd5 14. 0-0 Nc6 15. Rad1 0-0 16. Nc4 Bg4 17. Nd6 d4 18. Rfe1 Bxf3 19. Qxf3 Nxe5 20. Rxe5 Qxd6 21. Qd5 Qf6 22. Ree1 Rfd8 23. Qxb7 Rab8 24. Qe4 h6 25. Qe2 Rb4 26. Qc2 Rdb8 27. Rb1 g6 28. b3 Qd6 29. Red1 Qe6 30. Rd3 Qb6 31. Rb2 Rxa4 32. bxa4 Qxb2 33. Qxb2 Rxb2 34. Kf1 Rb4 35. a5 Kg7 36. f4 f5 37. Ke2 Kf6 38. Rd2 Ke6 39. Kd3 Kd5 40. Re2 Rb3+ 41. Kd2 Rb2+ 42. Kd3 Rxe2 43. Kxe2 Kc4 44. Kd2 d3 45. Kd1 Kb5 46. Kd2 Kxa5 47. Kxd3 Kb5 48. Kd4 a5 49. Ke5 a4 50. Kf6 a3 51. Kxg6 a2 52. Kxf5 a1Q 53. h4 Qg7 54. g4 Qf7+ 55. Ke4 Qe7+ 56. Kf5 Qxh4 57. g5 hxg5 58. fxg5 Qh8 59. g6 Qg7 60. Kg5 Kc5 61. Kf5 Kd5 62. Kf4 Qxg6 63. Ke3 Qe4+ 64. Kf2 Qd3 65. Ke1 Qc2 66. Kf1 Ke4 67. Kg1 Kf3 68. Kh1 Qg2# 0-1

[Event "EU-chT (Women) 24th"]
[Site "Budva"]
[Date "2023.11.12"]
[Round "2.13"]
[White "Ciftci, Zeynep"]
[Black "Puuska, Heini"]
[Result "1-0"]
[WhiteElo "2173"]
[BlackElo "1928"]
[PlyCount "43"]
[EventDate "2023.11.11"]
[EventType "team-swiss"]
[EventRounds "9"]
[EventCountry "MNE"]
[SourceTitle "CB47_2023"]
[SourceDate "2023.11.22"]
[SourceVersion "1"]
[SourceVersionDate "2023.11.22"]
[SourceQuality "1"]
[WhiteTeam "Turkey (W)"]
[BlackTeam "Finland (W)"]
[WhiteTeamCountry "TUR"]
[BlackTeamCountry "FIN"]

1. d4 d5 2. c4 dxc4 3. e4 b5 4. a4 c6 5. b3 e5 6. Nf3 Bg4 7. bxc4 Bxf3 8. gxf3 bxc4 9. dxe5 Qa5+ 10. Bd2 Qxe5 11. Bc3 Bb4 12. Bxb4 Qxa1 13. Bc3 Qa2 14. Bxg7 f6 15. Bh3 Kf7 16. Bxh8 Ne7 17. Bxf6 Kxf6 18. Qd6+ Kf7 19. Be6+ Ke8 20. 0-0 Qb2 21. Rd1 Qg7+ 22. Kh1 1-0

[Event "EU-chT (Women) 22nd"]
[Site "Batumi"]
[Date "2019.10.28"]
[Round "5.12"]
[White "Puuska, Heini"]
[Black "Movsesian, Julia"]
[Result "0-1"]
[WhiteElo "1992"]
[BlackElo "2307"]
[PlyCount "94"]
[EventDate "2019.10.24"]
[EventType "team-swiss"]
[EventRounds "9"]
[EventCountry "GEO"]
[SourceTitle "CBM 192 Extra"]
[Source "Chessbase"]
[SourceDate "2019.11.06"]
[SourceVersion "1"]
[SourceVersionDate "2019.11.06"]
[SourceQuality "1"]
[WhiteTeam "Finland (W)"]
[BlackTeam "Slovakia (W)"]
[WhiteTeamCountry "FIN"]
[BlackTeamCountry "SVK"]

1. d4 Nf6 2. Nf3 d6 3. Nbd2 Nbd7 4. e4 e5 5. c3 Be7 6. Bd3 0-0 7. 0-0 c6 8. Re1 Qc7 9. Nf1 Re8 10. Ne3 g6 11. Nc4 b5 12. dxe5 dxe5 13. Ncd2 Nc5 14. Nb3 Nxd3 15. Qxd3 Bg4 16. h3 Rad8 17. Qe2 Be6 18. Nbd2 Nh5 19. b3 Nf4 20. Qf1 Bc5 21. Ng5 Bc8 22. g3 Nd3 23. Re2 Qe7 24. Ngf3 Qf6 25. Qg2 Rd6 26. Kh2 Red8 27. Nf1 Nxc1 28. Rxc1 h5 29. Rcc2 Be6 30. Ne3 a5 31. Red2 Rxd2 32. Rxd2 Rxd2 33. Nxd2 Qd8 34. Nf3 Qd3 35. Qf1 Qxc3 36. Qd1 Bxe3 37. fxe3 Qxe3 38. Nxe5 Qf2+ 39. Kh1 Qxg3 40. Nxc6 Qxh3+ 41. Kg1 Qg3+ 42. Kh1 Qh3+ 43. Kg1 Qe3+ 44. Kh2 Qf2+ 45. Kh1 Bg4 46. Qd8+ Kh7 47. Nd4 Bh3 0-1

[Event "EU-chT (Women) 22nd"]
[Site "Batumi"]
[Date "2019.10.26"]
[Round "3.10"]
[White "Eric, Jovana"]
[Black "Puuska, Heini"]
[Result "1-0"]
[WhiteElo "2285"]
[BlackElo "1992"]
[PlyCount "55"]
[EventDate "2019.10.24"]
[EventType "team-swiss"]
[EventRounds "9"]
[EventCountry "GEO"]
[SourceTitle "CBM 192 Extra"]
[Source "Chessbase"]
[SourceDate "2019.11.06"]
[SourceVersion "1"]
[SourceVersionDate "2019.11.06"]
[SourceQuality "1"]
[WhiteTeam "Serbia (W)"]
[BlackTeam "Finland (W)"]
[WhiteTeamCountry "SRB"]
[BlackTeamCountry "FIN"]

1. e4 c6 2. Nf3 d5 3. exd5 cxd5 4. Ne5 Nf6 5. d4 g6 6. h4 Nbd7 7. Nc3 Ne4 8. Bb5 Nxc3 9. bxc3 Bg7 10. Qf3 Bxe5 11. dxe5 a6 12. Ba4 Qa5 13. Bb3 Nxe5 14. Qg3 Nc4 15. 0-0 Bf5 16. Re1 e6 17. Bg5 Rc8 18. Bf6 Rg8 19. Rad1 Kd7 20. Qf4 g5 21. hxg5 Qc5 22. Rd4 Qd6 23. Qf3 Nb6 24. c4 Rc5 25. cxd5 Nxd5 26. Bxd5 Rxd5 27. Rxd5 Qxd5 28. Rd1 1-0

[Event "Stockholm Cramling op"]
[Site "Stockholm"]
[Date "2018.09.02"]
[Round "7"]
[White "Olsson, Linn"]
[Black "Puuska, Heini"]
[Result "0-1"]
[WhiteElo "1703"]
[BlackElo "1961"]
[PlyCount "96"]
[EventDate "2018.09.01"]
[EventType "swiss"]
[EventRounds "7"]
[EventCountry "SWE"]
[SourceTitle "CBM 186 Extra"]
[Source "ChessBase"]
[SourceDate "2018.08.24"]
[SourceVersion "1"]
[SourceVersionDate "2018.08.24"]
[SourceQuality "1"]

1. d4 Nf6 2. Nc3 d5 3. Nf3 h6 4. Bf4 c6 5. h3 Bf5 6. e3 e6 7. a3 Bd6 8. Be5 Bxe5 9. Nxe5 Nbd7 10. Nf3 0-0 11. Bd3 Bxd3 12. Qxd3 c5 13. b3 cxd4 14. exd4 Rc8 15. 0-0 Qc7 16. Nb5 Qb6 17. c4 a6 18. Nc3 Qxb3 19. c5 Ne4 20. Rfc1 Nxc3 21. Rxc3 Qa4 22. Rb3 Qc6 23. Rab1 Rc7 24. Qe2 Rb8 25. Ne5 Nxe5 26. Qxe5 Re8 27. Rb6 Qd7 28. Qe3 f6 29. Qb3 Re7 30. Rd6 Qc8 31. Re1 Rc6 32. Rxd5 Qc7 33. Rh5 b6 34. d5 Rxc5 35. Qe3 e5 36. Rh4 Qd6 37. Rg4 Kh8 38. Rh4 Rxd5 39. Qe2 b5 40. Rc1 Re8 41. Qh5 Rd8 42. Qg6 Rd1+ 43. Rxd1 Qxd1+ 44. Kh2 Qd2 45. Re4 Qxf2 46. Qh5 Rd4 47. Rxd4 Qxd4 48. Qf5 Qf4+ 0-1

[Event "EU-chT (Women) 21st"]
[Site "Heraklion"]
[Date "2017.11.04"]
[Round "7.3"]
[White "Koljevic, Nikolina"]
[Black "Puuska, Heini"]
[Result "1-0"]
[WhiteElo "1837"]
[BlackElo "1947"]
[PlyCount "71"]
[EventDate "2017.10.28"]
[EventType "team-swiss"]
[EventRounds "9"]
[EventCountry "GRE"]
[SourceTitle "CBM 181 Extra"]
[Source "ChessBase"]
[SourceDate "2017.12.12"]
[SourceVersion "1"]
[SourceVersionDate "2017.12.12"]
[SourceQuality "1"]
[WhiteTeam "Montenegro (W)"]
[BlackTeam "Finland (W)"]
[WhiteTeamCountry "MNE"]
[BlackTeamCountry "FIN"]

1. e4 c5 2. Nf3 e6 3. d4 cxd4 4. Nxd4 Nc6 5. Nc3 Qc7 6. Be3 a6 7. Qf3 Nf6 8. 0-0-0 h5 9. Nxc6 bxc6 10. Be2 Ng4 11. Bf4 e5 12. Bg5 Bc5 13. h3 Nxf2 14. Rhf1 f6 15. Bxf6 gxf6 16. Qxf6 Be3+ 17. Kb1 Rh6 18. Qh4 Qa5 19. Bxh5+ Rxh5 20. Qxh5+ Kd8 21. Qh4+ Kc7 22. Rxf2 Bxf2 23. Qxf2 Rb8 24. Qd2 Qb4 25. b3 a5 26. g4 a4 27. Nxa4 Qxa4 28. Qd6+ Kd8 29. Qxb8 Qxe4 30. Qd6 Qf3 31. g5 Qxh3 32. Qxe5 d5 33. Re1 Bd7 34. Qb8+ Bc8 35. Qb6+ Kd7 36. Qa7+ 1-0